Statistics for Egyesült Államok

Click here to take the quiz!

General Stats

  • This quiz has been taken 754 times
  • The average score is 24 of 50

Answers on the Map

Answers color-coded by a green-red scale on the quiz's map according to % correct below.
 

Answer Stats

Állapot% Correct
New York
91%
Texas
87%
Florida
83%
Kalifornia
83%
Washington
80%
Alaszka
71%
Hawaii
71%
Alabama
66%
Ohio
64%
Nevada
62%
Arizona
54%
Új-Mexikó
54%
Mississippi
53%
Észak-Dakota
52%
New Jersey
52%
Oregon
52%
Virginia
52%
Dél-Dakota
51%
Idaho
51%
Michigan
51%
Colorado
50%
Kansas
48%
Arkansas
47%
Georgia
46%
Utah
46%
Dél-Karolina
45%
Indiana
45%
Nebraska
45%
Kentucky
44%
Montana
43%
Minnesota
42%
Oklahoma
42%
Missouri
40%
Pennsylvania
39%
Wyoming
39%
Illinois
38%
Maine
38%
Iowa
37%
Nyugat-Virginia
37%
Louisiana
35%
Maryland
34%
Tennessee
34%
Wisconsin
34%
Massachusetts
33%
Connecticut
32%
Észak-Carolina
32%
New Hampshire
32%
Rhode Island
32%
Vermont
31%
Delaware
30%

Score Distribution

Percentile by Number Answered

Percent of People with Each Score

Your Score History

You have not taken this quiz